[Event "Irkutsk-ch"]
[Site "Irkutsk"]
[Date "2012.03.24"]
[Round "1"]
[White "Kozubay, Uulu Azamat"]
[Black "Grudinin, Evgeny"]
[Result "0-1"]
[WhiteElo "2134"]
[BlackElo "2106"]
[PlyCount "68"]
[EventDate "2012.03.24"]
[EventType "swiss"]
[EventRounds "9"]
[EventCountry "RUS"]
[SourceTitle "EXT 2013"]
[Source "ChessBase"]
[SourceDate "2012.11.22"]
[SourceVersion "1"]
[SourceVersionDate "2012.11.22"]
[SourceQuality "1"]

1. d4 Nf6 2. c4 e6 3. Nf3 Bb4+ 4. Bd2 Qe7 5. Nc3 0-0 6. g3 c5 7. a3 Bxc3 8. Bxc3 Ne4 9. Qc2 Nxc3 10. Qxc3 cxd4 11. Nxd4 Nc6 12. Bg2 e5 13. Nf5 Qf6 14. Ne3 d6 15. 0-0 Be6 16. Rad1 Qe7 17. Rd2 Nd4 18. Rfd1 Rad8 19. Nd5 Bxd5 20. Bxd5 Rd7 21. e3 Ne6 22. Bg2 Rfd8 23. Qa5 b6 24. Qb5 Rc7 25. b3 g6 26. Qb4 Nc5 27. Bd5 Kf8 28. Qc3 Ne6 29. Bxe6 Qxe6 30. Rd5 Rc5 31. e4 Ke7 32. b4 Rxd5 33. exd5 Qg4 34. c5 Qxd1+ 0-1

[Event "Irkutsk-ch final op"]
[Site "Irkutsk"]
[Date "2008.10.04"]
[Round "3"]
[White "Grudinin, Evgeny"]
[Black "Kuznetsov, Vladimir1111"]
[Result "1-0"]
[WhiteElo "2148"]
[BlackElo "1915"]
[PlyCount "69"]
[EventDate "2008.09.30"]
[EventType "swiss"]
[EventRounds "9"]
[EventCountry "RUS"]
[SourceTitle "EXT 2022"]
[Source "ChessBase"]
[SourceDate "2021.10.06"]
[SourceVersion "1"]
[SourceVersionDate "2021.10.06"]
[SourceQuality "1"]

1. e4 c5 2. Nc3 Nc6 3. g3 Nf6 4. Bg2 e6 5. Nge2 Be7 6. h3 a6 7. 0-0 d5 8. exd5 exd5 9. d4 cxd4 10. Nxd4 0-0 11. g4 h6 12. Be3 Ne5 13. Rb1 Nc4 14. Bf4 Nb6 15. Re1 Bd6 16. Qf3 Qc7 17. Bxh6 Be5 18. Be3 Rd8 19. Rbd1 Nc4 20. Bc1 Bh2+ 21. Kh1 Ne5 22. Qe2 Bxg4 23. hxg4 Nexg4 24. Nxd5 Rxd5 25. Bxd5 Re8 26. Qf3 Re5 27. Rxe5 Qxe5 28. Nf5 Nxf2+ 29. Qxf2 Nxd5 30. Rxd5 Qxd5+ 31. Kxh2 Qxa2 32. Ne7+ Kf8 33. Qc5 Qe6 34. Nf5+ Kg8 35. Qc8+ 1-0

[Event "Irkutsk City-ch"]
[Site "Irkutsk"]
[Date "2007.09.19"]
[Round "2"]
[White "Grudinin, Evgeny"]
[Black "Aryshtaev, Mikhail"]
[Result "1-0"]
[WhiteElo "2146"]
[BlackElo "1922"]
[PlyCount "109"]
[EventDate "2007.09.16"]
[EventType "swiss"]
[EventRounds "9"]
[EventCountry "RUS"]
[SourceTitle "EXT 2009"]
[Source "ChessBase"]
[SourceDate "2008.11.26"]
[SourceVersion "1"]
[SourceVersionDate "2008.11.26"]
[SourceQuality "1"]

1. e4 d5 2. exd5 Qxd5 3. Nc3 Qa5 4. d4 c6 5. Nf3 Bf5 6. Bc4 e6 7. 0-0 Nf6 8. Bf4 Be7 9. a3 0-0 10. Qe2 Qb6 11. b4 Bg4 12. Rfd1 Qd8 13. h3 Bxf3 14. Qxf3 Nbd7 15. Be5 Re8 16. Bd3 Bf8 17. Bg3 Nd5 18. Ne4 N7f6 19. c4 Nxe4 20. Bxe4 Nf6 21. Bc2 Be7 22. Bf4 g6 23. Rab1 a6 24. g4 Nd7 25. d5 cxd5 26. cxd5 e5 27. Be3 Bd6 28. Rbc1 Rc8 29. Bb1 Qe7 30. Rxc8 Rxc8 31. Rc1 Re8 32. Rc4 Kg7 33. Qe4 h6 34. Qc2 Nf6 35. Qd2 g5 36. h4 b5 37. Rc6 Nxg4 38. hxg5 h5 39. Bc5 Bxc5 40. bxc5 e4 41. Qf4 Kg8 42. Rc7 Qf8 43. Bxe4 Qg7 44. g6 Nf6 45. Rxf7 Rxe4 46. Rxg7+ Kxg7 47. Qc7+ Kxg6 48. d6 Rg4+ 49. Kf1 Rd4 50. Qe7 Nd5 51. Qe8+ Kf5 52. d7 Nf4 53. Qf7+ Kg4 54. Qg7+ Kf3 55. Qxd4 1-0